000 01501 a2200217 4500
001 24377
005 20260407155528.0
008 260407a1982 arg spa d
003 AR-UNSa-BCEJYS
040 _aAR-UNSa-BCEJYS
_bspa
_cAR-UNSa-BCEJYS
080 _a517.1
_xIntroducción al análisis. (Cálculo)
245 1 0 _aEl cálculo
_pcon geometría análitica
250 _a4a. ed
264 1 _aMéxico :
_bHarla
_c1982
300 _a1320 p.
_c22 cm.
505 _a1. Números reales, introducción a la geometría analítica y funciones - 2. Límites y continuidad - 3. Derivada - 4. Aplicaciones de la derivada - 5. La diferencial y la antidiferenciación - 6. La integral definida - 7. Aplicación de la integral definida - 8. Funciones inversas, logarítmicas y exponenciales - 9. Funciones trigonométricas e hiperbolicas - 10. Técnicas de integración - 11. Otras aplicaciones de la integración - 12. Coordenadas polares - 13. Secciones cónicas - 14. Formas indeterminadas, integrales impropias y fórmula de Taylor - 15. Series infinitas - 16. Vectores en el plano y ecuaciones paramétricas - 17. Vectores en el espacio tridimensional y geometría analítica sólida - 18. Cálculo diferencial de funciones de varias variables - 19. Derivadas direccionales; gradientes; aplicaciones de la derivadas parciales e integrales de línea - 20. Integración multiple - 21. Apéndice.
041 _aspa
942 _cBK
590 _aniveau_biblio:m niveau_hierar:0
100 1 _aLeithold, Louis
999 _c1180
_d1180